Which Letter Was Added - US States #2 - Statistics

General Stats
  • This quiz has been taken 27 times
  • The average score is 18 of 25
Answer Stats
Hint Answer % Correct
Alaaska A
100%
New Jeersey E
100%
Wisckonsin K
95%
Idahio I
86%
Delaweare E
77%
North Ckarolina K
77%
South Dakoota O
77%
Virrginia R
77%
Illienois E
73%
Neew York E
73%
Allabama L
68%
Mainne N
68%
Wasshington S
68%
Nourth Dakota U
68%
Colourado U
68%
Louisiania I
64%
Arrkansas R
64%
Texxas X
64%
Arizzona Z
64%
Nevadda D
55%
Indiania I
55%
Missourri R
55%
Kansass S
55%
Kentyucky Y
55%
Whyoming H
50%
No matching quizzes found
Score Distribution
Percent of People with Each Score
Percentile by Number Answered
Your Score History
You have not taken this quiz